[Event "Belgrade Trophy 36th"]
[Site "Belgrade"]
[Date "2023.12.02"]
[Round "8"]
[White "Janjic, Stefan"]
[Black "Milosevic, Milos"]
[Result "0-1"]
[WhiteElo "2116"]
[BlackElo "2362"]
[PlyCount "94"]
[EventDate "2023.11.25"]
[EventType "swiss"]
[EventRounds "9"]
[EventCountry "SRB"]
[SourceTitle "CB49_2023"]
[SourceDate "2023.12.06"]
[SourceVersion "1"]
[SourceVersionDate "2023.12.06"]
[SourceQuality "1"]

1. d4 Nf6 2. Nf3 c5 3. d5 b5 4. Bg5 Qb6 5. Nc3 b4 6. Na4 Qa5 7. Bxf6 gxf6 8. b3 f5 9. Qd3 Bg7 10. Rd1 d6 11. Nd2 Qc7 12. g3 Nd7 13. Nc4 Nb6 14. Bh3 Nxa4 15. bxa4 Bc3+ 16. Kf1 Qd7 17. a5 Ba6 18. Bxf5 Qb5 19. Qe3 Qxc4 20. Bd3 Qxa2 21. Bxa6 Rb8 22. Qe4 Qxa5 23. Bc4 Qb6 24. Rd3 a5 25. Re3 Bf6 26. g4 Kd8 27. h4 Qa7 28. Rf3 a4 29. g5 Be5 30. Rxf7 b3 31. cxb3 a3 32. b4 Rxb4 33. f4 a2 34. Kg2 a1Q 35. Rxa1 Bxa1 36. Qd3 Qa4 37. Qe3 Qe8 38. Qa3 Qxf7 39. Qa5+ Kc8 40. Qa8+ Kc7 41. Qc6+ Kb8 42. Bb5 e5 43. Qb6+ Qb7 44. Qxd6+ Qc7 45. Qa6 Rxb5 46. Qxb5+ Qb7 47. Qxc5 Rd8 0-1

[Event "Belgrade Trophy 36th"]
[Site "Belgrade"]
[Date "2023.11.26"]
[Round "2"]
[White "Janjic, Stefan"]
[Black "Romanov, Vasily"]
[Result "1-0"]
[WhiteElo "2116"]
[BlackElo "1836"]
[PlyCount "46"]
[EventDate "2023.11.25"]
[EventType "swiss"]
[EventRounds "9"]
[EventCountry "SRB"]
[SourceTitle "CB49_2023"]
[SourceDate "2023.12.06"]
[SourceVersion "1"]
[SourceVersionDate "2023.12.06"]
[SourceQuality "1"]

1. d4 Nf6 2. Nf3 g6 3. g3 Bg7 4. c4 c5 5. Bg2 0-0 6. 0-0 cxd4 7. Nxd4 Qc7 8. Nb5 Qa5 9. Bd2 Qd8 10. N1c3 Nc6 11. Qa4 d6 12. Nd5 Bd7 13. Qa3 a6 14. Nbc7 Nxd5 15. Nxd5 Nd4 16. Qd3 b5 17. Bc3 bxc4 18. Qe4 e5 19. Bxd4 exd4 20. Ne7+ Kh8 21. Qxa8 Qxa8 22. Bxa8 Rxa8 23. Nd5 Rb8 1-0

[Event "Belgrade Serbia op"]
[Site "Belgrade"]
[Date "2023.07.21"]
[Round "6"]
[White "Janjic, Stefan"]
[Black "Giannoulakis, Labros"]
[Result "0-1"]
[WhiteElo "2097"]
[BlackElo "2354"]
[PlyCount "47"]
[EventDate "2023.07.16"]
[EventType "swiss"]
[EventRounds "9"]
[EventCountry "SRB"]
[SourceTitle "CBM 215 Extra"]
[Source "ChessBase"]
[SourceDate "2023.09.30"]
[SourceVersion "1"]
[SourceVersionDate "2023.09.30"]
[SourceQuality "1"]

1. d4 Nf6 2. Nf3 g6 3. c4 Bg7 4. g3 0-0 5. Bg2 d6 6. 0-0 Nbd7 7. Nc3 e5 8. e4 c6 9. h3 a6 10. Be3 Re8 11. Qc2 b5 12. a3 exd4 13. Nxd4 Bb7 14. cxb5 axb5 15. f4 Nb6 16. Bf2 Nc4 17. e5 dxe5 18. Nxc6 Qd2 19. Qxd2 Nxd2 20. fxe5 Nxf1 21. exf6 Ne3 22. Bxe3 Bxf6 23. Bd4 Bg5 24. Nxb5 0-1

[Event "EU-ch 23rd"]
[Site "Vrnjacka Banja"]
[Date "2023.03.13"]
[Round "11"]
[White "Bozinovic, Boban"]
[Black "Janjic, Stefan"]
[Result "1/2-1/2"]
[WhiteElo "1931"]
[BlackElo "2115"]
[PlyCount "53"]
[EventDate "2023.03.03"]
[EventType "swiss"]
[EventRounds "11"]
[EventCountry "SRB"]
[SourceTitle "CBM 213"]
[Source "ChessBase"]
[SourceDate "2023.04.30"]
[SourceVersion "1"]
[SourceVersionDate "2023.04.30"]
[SourceQuality "1"]

1. e4 e6 2. d4 d5 3. Nc3 Nf6 4. Bg5 Be7 5. e5 Nfd7 6. Bxe7 Qxe7 7. f4 a6 8. Nf3 c5 9. Qd2 Nc6 10. dxc5 Nxc5 11. 0-0-0 b5 12. Bd3 b4 13. Ne2 a5 14. Kb1 Ba6 15. Ned4 Nxd4 16. Nxd4 0-0 17. Qe3 Rfc8 18. f5 b3 19. Rhf1 Bxd3 20. cxd3 bxa2+ 21. Ka1 exf5 22. Nxf5 Nb3+ 23. Kxa2 Qb4 24. Qf4 d4 25. Nh6+ Kh8 26. Nxf7+ Kg8 27. Nh6+ 1/2-1/2

[Event "EU-ch 23rd"]
[Site "Vrnjacka Banja"]
[Date "2023.03.04"]
[Round "2"]
[White "Janjic, Stefan"]
[Black "Bashirli, Nail Qoshqar"]
[Result "1/2-1/2"]
[WhiteElo "2115"]
[BlackElo "2343"]
[PlyCount "65"]
[EventDate "2023.03.03"]
[EventType "swiss"]
[EventRounds "11"]
[EventCountry "SRB"]
[SourceTitle "CBM 213"]
[Source "ChessBase"]
[SourceDate "2023.04.30"]
[SourceVersion "1"]
[SourceVersionDate "2023.04.30"]
[SourceQuality "1"]

1. d4 Nf6 2. Nf3 e6 3. c4 b6 4. g3 Ba6 5. b3 Bb4+ 6. Bd2 Be7 7. Nc3 d5 8. cxd5 exd5 9. Bg2 0-0 10. Ne5 Bb7 11. 0-0 Nbd7 12. Bg5 Re8 13. Nxd7 Qxd7 14. Rc1 Rad8 15. Qd3 a6 16. Na4 Ne4 17. Bxe7 Rxe7 18. Rc2 h5 19. Rfc1 Qd6 20. Qf3 g6 21. Qf4 Qxf4 22. gxf4 Rdd7 23. e3 Kf8 24. Nb2 c6 25. Nd3 f6 26. Bxe4 Rxe4 27. h4 Ree7 28. a4 Rd6 29. a5 b5 30. Nc5 Bc8 31. Nd3 Rc7 32. b4 Ke7 33. Kg2 1/2-1/2

[Event "Belgrade-chT2 Quality"]
[Site "Belgrade"]
[Date "2022.10.22"]
[Round "3.2"]
[White "Janjic, Stefan"]
[Black "Ristic, Luka"]
[Result "0-1"]
[WhiteElo "2144"]
[BlackElo "2278"]
[PlyCount "114"]
[EventDate "2022.10.15"]
[EventType "team-tourn"]
[EventRounds "13"]
[EventCountry "SRB"]
[SourceTitle "EXT 2024"]
[Source "ChessBase"]
[SourceDate "2023.10.10"]
[SourceVersion "1"]
[SourceVersionDate "2023.10.10"]
[SourceQuality "1"]
[WhiteTeam "Belgrade Vodovod"]
[BlackTeam "Belgrade Polet"]
[WhiteTeamCountry "SRB"]
[BlackTeamCountry "SRB"]

1. d4 Nf6 2. c4 a6 3. Nc3 c5 4. dxc5 e6 5. e4 Qc7 6. f4 Bxc5 7. e5 Ng8 8. Ne4 b5 9. Bd2 Bb7 10. Nxc5 Qxc5 11. Rc1 b4 12. Qb3 Nc6 13. Be3 Qe7 14. Nf3 Nh6 15. Be2 d6 16. exd6 Qxd6 17. Rd1 Qc7 18. 0-0 0-0 19. Nd4 Nxd4 20. Bxd4 a5 21. Qg3 Nf5 22. Qf2 Nxd4 23. Rxd4 Rad8 24. Rfd1 g6 25. Qe3 Bc6 26. Bf3 Bxf3 27. Qxf3 Rxd4 28. Rxd4 Qc5 29. Qf2 Kg7 30. Re4 Qe7 31. Qd4+ Kg8 32. Qe5 Qa7+ 33. Qd4 Qa8 34. Qe5 Qc6 35. b3 a4 36. Rd4 axb3 37. axb3 Qa6 38. Rd1 Qa2 39. Qe3 Ra8 40. h3 h5 41. h4 Qb2 42. Rd2 Qf6 43. g3 Ra3 44. Kg2 Qc3 45. Rd8+ Kh7 46. Qd4 Qxd4 47. Rxd4 Rxb3 48. c5 Rb2+ 49. Kg1 b3 50. Rb4 Kg7 51. c6 Kf6 52. c7 Rc2 53. Rxb3 Kf5 54. Rb7 Kg4 55. c8Q Rxc8 56. Rxf7 Kxg3 57. Kf1 Rc4 0-1

[Event "Belgrade-chT Quality"]
[Site "Belgrade"]
[Date "2022.10.10"]
[Round "9.3"]
[White "Lekic, Dusan"]
[Black "Janjic, Stefan"]
[Result "1-0"]
[WhiteElo "2320"]
[BlackElo "2144"]
[PlyCount "32"]
[EventDate "2022.10.01"]
[EventType "team-tourn"]
[EventRounds "11"]
[EventCountry "SRB"]
[SourceTitle "EXT 2024"]
[Source "ChessBase"]
[SourceDate "2023.10.10"]
[SourceVersion "1"]
[SourceVersionDate "2023.10.10"]
[SourceQuality "1"]
[WhiteTeam "Belgrade Partizan"]
[BlackTeam "Belgrade Napredak"]
[WhiteTeamCountry "SRB"]
[BlackTeamCountry "SRB"]

1. d4 d5 2. c4 e6 3. Nc3 Nf6 4. Bg5 c6 5. e3 Nbd7 6. Nf3 Qa5 7. cxd5 Nxd5 8. Qd2 Bb4 9. Rc1 Nxc3 10. bxc3 Ba3 11. Rb1 0-0 12. c4 Qxd2+ 13. Nxd2 f6 14. Bh4 c5 15. f3 cxd4 16. Bd3 e5 1-0

[Event "Belgrade-chT Quality"]
[Site "Belgrade"]
[Date "2022.10.07"]
[Round "6.3"]
[White "Janjic, Stefan"]
[Black "Mihic, Bojan"]
[Result "0-1"]
[WhiteElo "2144"]
[BlackElo "2307"]
[PlyCount "92"]
[EventDate "2022.10.01"]
[EventType "team-tourn"]
[EventRounds "11"]
[EventCountry "SRB"]
[SourceTitle "CBM 210 Extra"]
[Source "ChessBase"]
[SourceDate "2022.11.30"]
[SourceVersion "1"]
[SourceVersionDate "2022.11.30"]
[SourceQuality "1"]
[WhiteTeam "Belgrade Napredak"]
[BlackTeam "Belgrade Radnicki"]
[WhiteTeamCountry "SRB"]
[BlackTeamCountry "SRB"]

1. d4 g6 2. Nf3 Bg7 3. c4 d6 4. g3 f5 5. Bg2 Nf6 6. Nc3 0-0 7. 0-0 Nc6 8. d5 Ne5 9. Nxe5 dxe5 10. Qb3 Kh8 11. c5 Nd7 12. c6 bxc6 13. dxc6 Nc5 14. Qc4 Ne6 15. Rd1 Qe8 16. b4 e4 17. Bb2 Nd8 18. b5 Be6 19. Qc5 Nf7 20. Na4 Bxb2 21. Nxb2 Nd6 22. e3 Qf7 23. a4 Rfb8 24. Bf1 a6 25. Rdc1 Qf6 26. Qb4 Bf7 27. Rc5 axb5 28. Bxb5 Bc4 29. Rb1 Be2 30. Nd1 Bd3 31. Rbc1 Nxb5 32. axb5 Ra1 33. Rxa1 Qxa1 34. Qc3+ Qxc3 35. Nxc3 e6 36. f3 Kg7 37. g4 exf3 38. gxf5 gxf5 39. Kf2 Kf6 40. Kxf3 Ke7 41. Kf4 Kd6 42. Re5 Rg8 43. h3 Rg1 44. b6 Rf1+ 45. Kg3 cxb6 46. Kg2 Rc1 0-1

[Event "Belgrade-chT Quality"]
[Site "Belgrade"]
[Date "2022.10.05"]
[Round "5.3"]
[White "Kovacevic, Predrag"]
[Black "Janjic, Stefan"]
[Result "1/2-1/2"]
[WhiteElo "2321"]
[BlackElo "2144"]
[PlyCount "27"]
[EventDate "2022.10.01"]
[EventType "team-tourn"]
[EventRounds "11"]
[EventCountry "SRB"]
[SourceTitle "CBM 210 Extra"]
[Source "ChessBase"]
[SourceDate "2022.11.30"]
[SourceVersion "1"]
[SourceVersionDate "2022.11.30"]
[SourceQuality "1"]
[WhiteTeam "Belgrade Mladenovac"]
[BlackTeam "Belgrade Napredak"]
[WhiteTeamCountry "SRB"]
[BlackTeamCountry "SRB"]

1. e4 e6 2. d3 c5 3. Qe2 Nc6 4. c3 Nge7 5. g3 g6 6. Bg2 Bg7 7. Nd2 b5 8. f4 d5 9. e5 0-0 10. Nh3 b4 11. Nf2 bxc3 12. bxc3 Qa5 13. Nd1 f6 14. exf6 1/2-1/2

[Event "Belgrade-chT Quality"]
[Site "Belgrade"]
[Date "2022.10.04"]
[Round "4.3"]
[White "Janjic, Stefan"]
[Black "Petrekanovic, Miroslav"]
[Result "1/2-1/2"]
[WhiteElo "2144"]
[BlackElo "2148"]
[PlyCount "29"]
[EventDate "2022.10.01"]
[EventType "team-tourn"]
[EventRounds "11"]
[EventCountry "SRB"]
[SourceTitle "CBM 210 Extra"]
[Source "ChessBase"]
[SourceDate "2022.11.30"]
[SourceVersion "1"]
[SourceVersionDate "2022.11.30"]
[SourceQuality "1"]
[WhiteTeam "Belgrade Napredak"]
[BlackTeam "Belgrade Banjica"]
[WhiteTeamCountry "SRB"]
[BlackTeamCountry "SRB"]

1. d4 d5 2. c4 e5 3. dxe5 d4 4. Nf3 Nc6 5. Nbd2 Nh6 6. Nb3 Ng4 7. a3 Ngxe5 8. Nxe5 Nxe5 9. Qxd4 Qxd4 10. Nxd4 Nxc4 11. Nb5 Bd6 12. Nxd6+ Nxd6 13. Bf4 Be6 14. e3 Rc8 15. Rc1 1/2-1/2

[Event "IBCA World-chT blind 9th"]
[Site "Ohrid"]
[Date "2022.06.28"]
[Round "1.1"]
[White "Janjic, Stefan"]
[Black "Culjak, Miso"]
[Result "1-0"]
[WhiteElo "2144"]
[BlackElo "1675"]
[PlyCount "72"]
[EventDate "2022.06.28"]
[EventType "team-swiss"]
[EventRounds "9"]
[EventCountry "MKD"]
[SourceTitle "EXT 2024"]
[Source "ChessBase"]
[SourceDate "2023.10.10"]
[SourceVersion "1"]
[SourceVersionDate "2023.10.10"]
[SourceQuality "1"]
[WhiteTeam "Serbia"]
[BlackTeam "Croatia"]
[WhiteTeamCountry "SRB"]
[BlackTeamCountry "CRO"]

1. d4 e6 2. c4 Nf6 3. Nf3 Bb4+ 4. Bd2 Bxd2+ 5. Nbxd2 d5 6. e3 c6 7. Bd3 Nbd7 8. 0-0 0-0 9. Qc2 Re8 10. cxd5 exd5 11. b4 a6 12. a4 Nf8 13. b5 axb5 14. axb5 Rxa1 15. Rxa1 Bd7 16. Ne5 cxb5 17. Qb3 Bc6 18. Bxb5 Bxb5 19. Qxb5 Qc7 20. Nb3 Rc8 21. h3 Qb8 22. Nc5 Qd6 23. Qxb7 Qc7 24. Ra7 Qxb7 25. Rxb7 Ne4 26. Nxe4 dxe4 27. Nxf7 Rc1+ 28. Kh2 h6 29. Nd6 Rd1 30. Rb8 g6 31. Nxe4 Kg7 32. Rb7+ Kh8 33. Nf6 h5 34. d5 h4 35. Rf7 g5 36. d6 g4 1-0

[Event "Belgrade Premier League"]
[Site "Belgrade"]
[Date "2021.10.08"]
[Round "7.3"]
[White "Janjic, Stefan"]
[Black "Matic, Petar"]
[Result "1/2-1/2"]
[WhiteElo "2182"]
[BlackElo "2151"]
[PlyCount "36"]
[EventDate "2021.10.01"]
[EventType "team-tourn"]
[EventRounds "11"]
[EventCountry "SRB"]
[SourceTitle "CBM 204 Extra"]
[Source "ChessBase"]
[SourceDate "2021.11.30"]
[SourceVersion "1"]
[SourceVersionDate "2021.11.30"]
[SourceQuality "1"]
[WhiteTeam "Belgrade Napredak"]
[BlackTeam "Belgrade Tehnicka Skola"]
[WhiteTeamCountry "SRB"]
[BlackTeamCountry "SRB"]

1. d4 e6 2. Nf3 c5 3. c4 cxd4 4. Nxd4 Nc6 5. e3 Nf6 6. Be2 Be7 7. 0-0 0-0 8. b3 a6 9. Bb2 d6 10. Nd2 Bd7 11. Rc1 Rc8 12. Qc2 Qb6 13. Qb1 Ne5 14. N2f3 Ng6 15. Rfd1 Rfd8 16. h3 Bf8 17. Nd2 Qa7 18. Ne4 Ne8 1/2-1/2

[Event "Belgrade Premier League"]
[Site "Belgrade"]
[Date "2021.10.06"]
[Round "5.2"]
[White "Milin, Dragan"]
[Black "Janjic, Stefan"]
[Result "0-1"]
[WhiteElo "2060"]
[BlackElo "2182"]
[PlyCount "107"]
[EventDate "2021.10.01"]
[EventType "team-tourn"]
[EventRounds "11"]
[EventCountry "SRB"]
[SourceTitle "CBM 204 Extra"]
[Source "ChessBase"]
[SourceDate "2021.11.30"]
[SourceVersion "1"]
[SourceVersionDate "2021.11.30"]
[SourceQuality "1"]
[WhiteTeam "Belgrade Bogoslov"]
[BlackTeam "Belgrade Napredak"]
[WhiteTeamCountry "SRB"]
[BlackTeamCountry "SRB"]

1. e4 e6 2. d3 c5 3. Nd2 Nc6 4. c3 d5 5. Qc2 Nf6 6. Be2 Bd6 7. Nf1 Qc7 8. Bg5 d4 9. g3 e5 10. h3 Be6 11. g4 Nd7 12. Ng3 f6 13. Bd2 g6 14. c4 a6 15. a4 0-0-0 16. Nf3 Rdf8 17. Nh4 Qd8 18. Ng2 Bc7 19. 0-0-0 Ba5 20. Bxa5 Qxa5 21. b3 Nb4 22. Qb2 Kc7 23. Qa3 b5 24. Kb2 Rb8 25. Ne1 bxa4 26. Ra1 Nb6 27. Kc1 Bd7 28. Bd1 Bc6 29. Ne2 Rb7 30. f4 Nd7 31. Rf1 Rf8 32. f5 Rbb8 33. Rf3 Qb6 34. bxa4 Qa5 35. Bc2 Rb7 36. Bd1 Rbb8 37. Nc2 Nxc2 38. Bxc2 Qe1+ 39. Bd1 Qa5 40. Rf2 Qe1 41. Rh2 Rb4 42. Qa2 Rxa4 43. Qxa4 Bxa4 44. Rxa4 Ra8 45. h4 Nb6 46. Ra3 Kb7 47. fxg6 hxg6 48. h5 Rh8 49. h6 Rh7 50. Ra1 Qf1 51. Ra5 Nd7 52. Kd2 Qf3 53. Ba4 Qe3+ 54. Kc2 0-1

[Event "Belgrade Serbia op"]
[Site "Belgrade"]
[Date "2021.07.03"]
[Round "3"]
[White "Ristic, Luka"]
[Black "Janjic, Stefan"]
[Result "1-0"]
[WhiteElo "2300"]
[BlackElo "2191"]
[PlyCount "55"]
[EventDate "2021.07.02"]
[EventType "swiss"]
[EventRounds "9"]
[EventCountry "SRB"]
[SourceTitle "CBM 203 Extra"]
[Source "ChessBase"]
[SourceDate "2021.09.30"]
[SourceVersion "1"]
[SourceVersionDate "2021.09.30"]
[SourceQuality "1"]

1. d4 d5 2. Bf4 Nf6 3. e3 c5 4. c3 Nc6 5. Nd2 cxd4 6. exd4 Bf5 7. Qb3 Qc8 8. Ngf3 e6 9. Nh4 Be4 10. Nxe4 Nxe4 11. Nf3 Bd6 12. Bxd6 Nxd6 13. Bd3 Qc7 14. 0-0 0-0 15. Rfe1 Rfe8 16. Re2 b5 17. Rae1 Rab8 18. Ng5 h6 19. Nxe6 fxe6 20. Rxe6 Nc4 21. Bb1 Qf7 22. Qc2 Kf8 23. Qh7 Nb6 24. Bd3 Qg8 25. Qg6 Na5 26. R1e3 Nd7 27. Rxe8+ Rxe8 28. Qd6+ 1-0

[Event "Belgrade Spring op"]
[Site "Belgrade"]
[Date "2021.04.04"]
[Round "4"]
[White "Velickovic, Sasa"]
[Black "Janjic, Stefan"]
[Result "1/2-1/2"]
[WhiteElo "2274"]
[BlackElo "2176"]
[PlyCount "90"]
[EventDate "2021.04.02"]
[EventType "swiss"]
[EventRounds "9"]
[EventCountry "SRB"]
[SourceTitle "CBM 202 Extra"]
[Source "ChessBase"]
[SourceDate "2021.07.31"]
[SourceVersion "1"]
[SourceVersionDate "2021.07.31"]
[SourceQuality "1"]

1. e4 e6 2. Qe2 c5 3. g3 Nc6 4. Bg2 Nge7 5. c3 g6 6. d3 Bg7 7. h4 h6 8. f4 h5 9. Nh3 b6 10. 0-0 d5 11. f5 gxf5 12. exf5 Be5 13. fxe6 Bxe6 14. Bf4 Qd6 15. Na3 Bg4 16. Qe1 f6 17. Bxe5 Nxe5 18. Nf4 0-0-0 19. d4 N5g6 20. Nxg6 Nxg6 21. Qf2 f5 22. dxc5 Qxc5 23. Nc2 Qxf2+ 24. Rxf2 f4 25. gxf4 Nxh4 26. Nd4 Nxg2 27. Kxg2 Rhg8 28. Re1 Bf5+ 29. Kh2 Be4 30. Rg1 Kd7 31. Rg3 h4 32. Rxg8 Rxg8 33. Kh3 Rh8 34. Rh2 Ke7 35. Kg4 Kf6 36. a3 Rh7 37. a4 Rg7+ 38. Kxh4 Rg1 39. Re2 Ra1 40. Kg3 Rxa4 41. Kf2 Ra1 42. Re1 Ra2 43. Re2 Ra1 44. Re1 Ra2 45. Re2 Ra1 1/2-1/2

[Event "Belgrade-chT Quality"]
[Site "Belgrade"]
[Date "2020.10.24"]
[Round "5.2"]
[White "Janjic, Stefan"]
[Black "Markovic, Vladimir"]
[Result "1/2-1/2"]
[WhiteElo "2194"]
[BlackElo "2146"]
[PlyCount "39"]
[EventDate "2020.10.09"]
[EventType "team-tourn"]
[EventRounds "9"]
[EventCountry "SRB"]
[SourceTitle "EXT 2022"]
[Source "ChessBase"]
[SourceDate "2021.10.06"]
[SourceVersion "1"]
[SourceVersionDate "2021.10.06"]
[SourceQuality "1"]
[WhiteTeam "Belgrade Napredak"]
[BlackTeam "Belgrade Borca"]
[WhiteTeamCountry "SRB"]
[BlackTeamCountry "SRB"]

1. d4 d5 2. c4 c6 3. Nc3 Nf6 4. e3 e6 5. Nf3 Nbd7 6. Qc2 Bd6 7. b3 0-0 8. Be2 Re8 9. 0-0 a6 10. Rd1 Qe7 11. Bb2 dxc4 12. bxc4 e5 13. Na4 e4 14. Nd2 Nf8 15. Qb3 Bb8 16. Nf1 Ng6 17. Ba3 Qd7 18. d5 Be5 19. dxc6 Qxc6 20. Rac1 1/2-1/2

[Event "Belgrade-chT Quality"]
[Site "Belgrade"]
[Date "2020.10.11"]
[Round "3.2"]
[White "Janjic, Stefan"]
[Black "Mikluc, Davorin"]
[Result "1/2-1/2"]
[WhiteElo "2194"]
[BlackElo "2158"]
[PlyCount "62"]
[EventDate "2020.10.09"]
[EventType "team-tourn"]
[EventRounds "9"]
[EventCountry "SRB"]
[SourceTitle "EXT 2022"]
[Source "ChessBase"]
[SourceDate "2021.10.06"]
[SourceVersion "1"]
[SourceVersionDate "2021.10.06"]
[SourceQuality "1"]
[WhiteTeam "Belgrade Napredak"]
[BlackTeam "Belgrade Banjica"]
[WhiteTeamCountry "SRB"]
[BlackTeamCountry "SRB"]

1. d4 Nf6 2. Nf3 g6 3. Bg5 Bg7 4. Nbd2 0-0 5. e4 d6 6. c3 Nc6 7. Be2 h6 8. Bh4 g5 9. Bg3 Nh5 10. d5 Nxg3 11. hxg3 Ne5 12. Nxe5 dxe5 13. g4 e6 14. dxe6 Bxe6 15. Bc4 Qd7 16. Bxe6 Qxe6 17. Qe2 Rfd8 18. a3 Rd7 19. 0-0-0 Rad8 20. Nc4 Qa6 21. Rxd7 Rxd7 22. Rd1 Rxd1+ 23. Kxd1 b5 24. Ne3 c6 25. Qd3 Bf8 26. Nf5 Qb6 27. Ke2 a5 28. Qg3 Qc5 29. Qd3 a4 30. Ke1 Kh7 31. Ke2 Kg8 1/2-1/2

[Event "Belgrade-chT Quality"]
[Site "Belgrade"]
[Date "2020.10.10"]
[Round "2.2"]
[White "Brankovic, Vladislav"]
[Black "Janjic, Stefan"]
[Result "1/2-1/2"]
[WhiteElo "2145"]
[BlackElo "2194"]
[PlyCount "40"]
[EventDate "2020.10.09"]
[EventType "team-tourn"]
[EventRounds "9"]
[EventCountry "SRB"]
[SourceTitle "EXT 2022"]
[Source "ChessBase"]
[SourceDate "2021.10.06"]
[SourceVersion "1"]
[SourceVersionDate "2021.10.06"]
[SourceQuality "1"]
[WhiteTeam "Belgrade Turbina"]
[BlackTeam "Belgrade Napredak"]
[WhiteTeamCountry "SRB"]
[BlackTeamCountry "SRB"]

1. e4 e6 2. d4 d5 3. Nd2 c5 4. Ngf3 Nc6 5. Bb5 a6 6. exd5 axb5 7. dxc6 bxc6 8. dxc5 Bxc5 9. 0-0 Nf6 10. Nb3 Bd6 11. Bg5 0-0 12. Qd4 Be7 13. Rfd1 Qc7 14. Bf4 Qb7 15. Bd6 Rd8 16. Qb4 Bxd6 17. Rxd6 Rxd6 18. Qxd6 Qd7 19. Qe5 Qd5 20. Qxd5 cxd5 1/2-1/2

[Event "Belgrade Rating op 2nd"]
[Site "Belgrade"]
[Date "2020.02.28"]
[Round "1"]
[White "Janjic, Stefan"]
[Black "Bajin, Zoran"]
[Result "1-0"]
[WhiteElo "2173"]
[BlackElo "1850"]
[PlyCount "67"]
[EventDate "2020.02.28"]
[EventType "swiss"]
[EventRounds "5"]
[EventCountry "SRB"]
[SourceTitle "CBM 195 Extra"]
[Source "ChessBase"]
[SourceDate "2020.05.31"]
[SourceVersion "1"]
[SourceVersionDate "2020.05.31"]
[SourceQuality "1"]

1. d4 d5 2. c4 e6 3. Nc3 Nf6 4. cxd5 exd5 5. Bg5 Be7 6. e3 0-0 7. Bd3 Be6 8. Nge2 Nbd7 9. 0-0 Ne8 10. Bf4 Bd6 11. Qb3 Nb6 12. Rac1 Bxf4 13. Nxf4 c6 14. Qc2 h6 15. Nce2 Nd6 16. Nxe6 fxe6 17. Bh7+ Kh8 18. Nf4 Rxf4 19. exf4 Qf6 20. g3 Nb5 21. Bd3 Nxd4 22. Qd1 e5 23. fxe5 Qxe5 24. Qg4 Qf6 25. f4 Rd8 26. Rce1 c5 27. Qg6 Qxg6 28. Bxg6 Nc4 29. Re7 Nxb2 30. Rb1 Nc6 31. Re8+ Rxe8 32. Bxe8 Nc4 33. Rxb7 Nb4 34. Bg6 1-0

[Event "Belgrade Trophy 33rd"]
[Site "Belgrade"]
[Date "2019.11.28"]
[Round "5"]
[White "Janjic, Stefan"]
[Black "Radusinovic, Lazar"]
[Result "0-1"]
[WhiteElo "2155"]
[BlackElo "2358"]
[PlyCount "82"]
[EventDate "2019.11.24"]
[EventType "swiss"]
[EventRounds "9"]
[EventCountry "SRB"]
[SourceTitle "CBM 193 Extra"]
[Source "ChessBase"]
[SourceDate "2020.01.31"]
[SourceVersion "1"]
[SourceVersionDate "2020.01.31"]
[SourceQuality "1"]

1. d4 d5 2. c4 c6 3. Nc3 Nf6 4. e3 e6 5. Nf3 Nbd7 6. Bd3 Bd6 7. e4 dxe4 8. Nxe4 Nxe4 9. Bxe4 h6 10. 0-0 Qc7 11. Re1 Nf6 12. Bc2 b6 13. Bd2 Ba6 14. b3 c5 15. dxc5 bxc5 16. Bc3 0-0-0 17. Qe2 Nd5 18. Be5 Nb4 19. Be4 f5 20. Bb1 Nc6 21. Bxd6 Rxd6 22. a3 Rhd8 23. b4 cxb4 24. axb4 Nxb4 25. Qe3 Bb7 26. c5 Rd1 27. Qxe6+ Kb8 28. Bxf5 Rxa1 29. Rxa1 Qxc5 30. h3 Bc8 31. Qb3 Bxf5 32. Ra4 a5 33. Qa3 Rd1+ 34. Kh2 Qd6+ 35. g3 Rd3 36. Qb2 Rxf3 37. Rxa5 Bd7 38. Qxg7 Rxf2+ 39. Kg1 Re2 40. Qg8+ Re8 41. Qc4 Qxg3+ 0-1

[Event "Belgrade Trophy 33rd"]
[Site "Belgrade"]
[Date "2019.11.25"]
[Round "2"]
[White "Kotronias, Vasilios"]
[Black "Janjic, Stefan"]
[Result "1-0"]
[WhiteElo "2486"]
[BlackElo "2155"]
[PlyCount "129"]
[EventDate "2019.11.24"]
[EventType "swiss"]
[EventRounds "9"]
[EventCountry "SRB"]
[SourceTitle "CBM 193 Extra"]
[Source "ChessBase"]
[SourceDate "2020.01.31"]
[SourceVersion "1"]
[SourceVersionDate "2020.01.31"]
[SourceQuality "1"]

1. e4 e6 2. d4 d5 3. Nd2 a6 4. Bd3 c5 5. dxc5 Bxc5 6. Ngf3 Ne7 7. 0-0 Nbc6 8. a3 0-0 9. b4 Ba7 10. Bb2 Ng6 11. e5 Nf4 12. Nb3 Bd7 13. Qd2 Nxd3 14. cxd3 Rc8 15. Rfe1 Qe7 16. Rac1 Rc7 17. a4 Rfc8 18. b5 Nb8 19. Rxc7 Rxc7 20. Bd4 Bxd4 21. Nfxd4 Be8 22. f4 g6 23. h3 Rc8 24. Kh2 Bd7 25. Ra1 Be8 26. Qa5 Kf8 27. Qb6 Qc7 28. Qa7 b6 29. Qxc7 Rxc7 30. Rc1 Rxc1 31. Nxc1 axb5 32. axb5 Nd7 33. Ncb3 Nb8 34. Kg3 Ke7 35. Kf2 f6 36. h4 fxe5 37. fxe5 Bd7 38. Ke3 Kf7 39. g4 h6 40. g5 h5 41. Kd2 Ke7 42. Kc3 Be8 43. Kb4 Bd7 44. Nc1 Be8 45. Nce2 Nd7 46. Nc6+ Kf7 47. d4 Kf8 48. Nc3 Bf7 49. Na4 Ke8 50. Kc3 Bg8 51. Kb3 Bf7 52. Kb4 Bg8 53. Nxb6 Nxb6 54. Kc5 Na4+ 55. Kd6 Bf7 56. Kc7 Bg8 57. Na7 Bf7 58. Nc8 Bg8 59. b6 Nxb6 60. Nxb6 Ke7 61. Nc8+ Ke8 62. Kd6 Kd8 63. Nb6 Bf7 64. Nd7 Ke8 65. Nc5 1-0

[Event "IBCA EU-chT blind 2nd"]
[Site "Calimanesti"]
[Date "2019.10.12"]
[Round "8.3"]
[White "Zoltek, Tadeusz"]
[Black "Janjic, Stefan"]
[Result "1/2-1/2"]
[WhiteElo "2112"]
[BlackElo "2127"]
[PlyCount "59"]
[EventDate "2019.10.05"]
[EventType "team-swiss"]
[EventRounds "9"]
[EventCountry "ROU"]
[SourceTitle "CBM 192 Extra"]
[Source "Chessbase"]
[SourceDate "2019.11.06"]
[SourceVersion "1"]
[SourceVersionDate "2019.11.06"]
[SourceQuality "1"]
[WhiteTeam "Poland"]
[BlackTeam "Serbia"]
[WhiteTeamCountry "POL"]
[BlackTeamCountry "SRB"]

1. c4 e6 2. Nf3 d5 3. d4 Nf6 4. Nc3 Nbd7 5. Bg5 c6 6. cxd5 exd5 7. e3 Qa5 8. Nd2 Bb4 9. Qc2 0-0 10. Nb3 Qd8 11. Bd3 h6 12. Bh4 Bd6 13. Bg3 Nb6 14. Nd2 Re8 15. Nf3 Bxg3 16. hxg3 Ng4 17. 0-0-0 a5 18. Rh4 a4 19. Bh7+ Kf8 20. Bd3 a3 21. b3 Bd7 22. e4 dxe4 23. Nxe4 Qe7 24. Nc5 Bc8 25. Re1 Qc7 26. Rxe8+ Kxe8 27. Ne5 Nxe5 28. Re4 Kf8 29. Rxe5 Qd8 30. Qe2 1/2-1/2